| 000 | 00566nam a2200181Ia 4500 | ||
|---|---|---|---|
| 001 | 20693 | ||
| 005 | 20260306172824.0 | ||
| 008 | 260306t2018||||xx |||||||||||||| ||spa|| | ||
| 041 | _aESP | ||
| 082 |
_a343.6 _bT59 |
||
| 100 |
_aTirado Barrera, José Antonio _eAUT |
||
| 245 | 0 |
_aEliminación de barreras burocráticas: _banálisis del decreto legislativo N° 1256, que aprueba la ley de prevención y eliminación de barreras buracráticas |
|
| 260 | _c2018 | ||
| 300 |
_a158 páginas : _c24 cm. |
||
| 650 | _aGEN | ||
| 654 | _aCDE | ||
| 942 |
_cLIB _dJUS _fJUS _2ddc _n |
||
| 999 |
_c20693 _d20693 |
||